Aktualizovaný projekt výstavby diaľnic

Východzie princípy pri aktualizácii nového projektu. Plánované výdavky - financovanie výstavby diaľnic. Harmonogram výstavby. Rozvojové tendencie. Zavedenie mýta na diaľniciach a rýchlostných cestách Slovenska je realizovateľné.

Na minha lista:
Detalhes bibliográficos
Formato: Capítulo de Livro
Idioma:eslovaco
Assuntos:
Tags: Adicionar Tag
Sem tags, seja o primeiro a adicionar uma tag!

MARC

LEADER 00000naa a2200000 4500
001 r048347
005 20230927091646.0
041 0 |a slo 
044 |a SK 
245 1 0 |a Aktualizovaný projekt výstavby diaľnic 
520 |a Východzie princípy pri aktualizácii nového projektu. Plánované výdavky - financovanie výstavby diaľnic. Harmonogram výstavby. Rozvojové tendencie. Zavedenie mýta na diaľniciach a rýchlostných cestách Slovenska je realizovateľné. 
610 2 0 |a diaľnice 
610 2 0 |a výdavky 
610 2 0 |a financovanie 
610 2 0 |a fondy finančné 
610 2 0 |a Európska únia 
610 2 0 |a Slovensko